logo

Bir Sreshtho Munshi Abdur Rouf Library
Jhenaidah Cadet College

বিষবৃক্ষ / (Record no. 1226)

MARC details
000 -LEADER
fixed length control field 00666nam a2200193 a 4500
003 - CONTROL NUMBER IDENTIFIER
JCCL marc code BD-JhCC
005 - DATE AND TIME OF LATEST TRANSACTION
control field 20220518134021.0
008 - FIXED-LENGTH DATA ELEMENTS--GENERAL INFORMATION
fixed length control field 171016s1974 bg |||| |||| 000 0 ben d
035 ## - SYSTEM CONTROL NUMBER
system control number (BD-JhCC)
040 ## - CATALOGING SOURCE
Original cataloging agency BD-JhCC
Modifying agency BD-JhCC
041 ## - LANGUAGE CODE
Language code of Book ben
082 ## - DEWEY DECIMAL CLASSIFICATION NUMBER
Classification number 891.443
Author mark and Year CHA 1974
100 ## - MAIN ENTRY--PERSONAL NAME
Personal name চট্টোপধ্যায়, বঙ্কিমচন্দ্র
245 ## - TITLE STATEMENT
Title বিষবৃক্ষ /
Statement of responsibility, etc বঙ্কিমচন্দ্র চট্টোপধ্যায়
260 ## - PUBLICATION, DISTRIBUTION, ETC. (IMPRINT)
Place of publication, distribution, etc ঢাকা:
Name of publisher, distributor, etc মুক্তধারা,
Date of publication, distribution, etc ১৯৭৪
300 ## - PHYSICAL DESCRIPTION
Pagination ১৪৮ পৃ.;
Dimensions ২২ সে.মি.
650 ## - SUBJECT ADDED ENTRY--TOPICAL TERM
Topical term or geographic name as entry element Bengali Novel
942 ## - ADDED ENTRY ELEMENTS (KOHA)
Source of classification or shelving scheme Dewey Decimal Classification
Koha item type Books
Koha issues (borrowed), all copies 1
Holdings
Source of classification or shelving scheme Damaged status Not for loan Home library Current library Shelving location Date of accession Cost, normal purchase price Total Checkouts Full call number Barcode Date last seen Copy number Koha item type Date checked out
Dewey Decimal Classification     JCC Rouf Library JCC Rouf Library General Stacks 10/16/2017 7.00   891.443 CHA 1974 1717 10/16/2017 C-1 Books  
Dewey Decimal Classification     JCC Rouf Library JCC Rouf Library General Stacks 11/14/2017 135.00 8 891.443 CHA 1974 4097 01/20/2026 C-2 Books 12/18/2025

JCC Library | Contacts | JCC Home

Last Update on 23 September 2017
Copyright @ 2017-2020 JCC Rouf Library
Rouf Library, Jhenidah Cadet College (JCC), Bangladesh